Aprenda practicando Visual Basic 2005 usando Visual Estudio 2005

Bibliographic Details
Main Author: Ramírez Ramírez, José Felipe
Format: Section = Libro
Language:Undetermined
Spanish
Published: México Pearson Educación 2007
Subjects:
LEADER 00627nam a2200205Ia 4500
008 240829s9999 xx 000 0 und d
020 |a 978-970-26-0912 
040 |a BIBLIOTECA-RUPAP 005.133 R173 
041 |a spa 
082 |a 005.133 R173 
100 1 |a Ramírez Ramírez, José Felipe 
245 1 0 |a Aprenda practicando Visual Basic 2005 usando Visual Estudio 2005 
260 |a México  |b Pearson Educación  |c 2007 
300 |a 648 p. :il. 
650 7 |a MICROSOFT VISUAL BASIC 
650 7 |b  LENGUAJE DE PROGRAMACION - BASIC 
650 7 |c  MICROSOFT NET FRAMEWORK. I. Tít. 
942 |c BK  |2 ddc 
991 |a TEXTO 
999 |c 7195